| 000 | 00471nam a22001937a 4500 | ||
|---|---|---|---|
| 003 | LK-CoDNM | ||
| 005 | 20250110133645.0 | ||
| 008 | 250102b |||||||| |||| 00| 0 eng d | ||
| 040 |
_aLK-CoDNM _dLK-CoDNM _eLK-CoDNM |
||
| 041 | _aeng | ||
| 080 |
_a5 _bS8 |
||
| 100 | _aHugh S.R. Elliot | ||
| 245 | _aBeasts and men | ||
| 260 |
_aLondon _bLongmans, green, and co _c1909 |
||
| 300 | _bxiii, 300p. : ill ; 24 cm | ||
| 650 | _aScience | ||
| 650 | _a1909 | ||
| 942 | _cBK | ||
| 999 |
_c235996 _d235996 |
||